| 000 | 00599nam a2200169Ia 4500 | ||
|---|---|---|---|
| 020 | _a0675028981 (teacher's ed.) | ||
| 040 | _cOKN | ||
| 082 | _a323 MER 1990 A108 Or. | ||
| 245 | 0 | 0 | _aCivics, citizens in action / |
| 260 | 0 |
_aColumbus, Ohio : _bMerrill Pub. Co., _cc1990 |
|
| 300 |
_axiv, 610 p. : _bill. (some col.), col. maps ; _c24 cm. + _e1 activity book + 1 teacher's annotated ed. + 1 activity book, teacher's annotated ed. + 1 teacher resource book |
||
| 650 | 0 | _aPolitical science | |
| 650 | 0 | _aCivics | |
| 700 | 1 | 0 | _aTurner, Mary Jane, |
| 710 | 2 | 0 | _aMerrill Publishing Company |
| 942 | _cEK | ||
| 999 |
_c16539 _d16539 |
||